Four pillars to guide visionary educators : (Record no. 94105)

MARC details
000 -LEADER
fixed length control field 00704nam a22002057a 4500
003 - CONTROL NUMBER IDENTIFIER
control field OSt
005 - DATE AND TIME OF LATEST TRANSACTION
control field 20260504162331.0
008 - FIXED-LENGTH DATA ELEMENTS--GENERAL INFORMATION
fixed length control field 260504b |||||||| |||| 00| 0 eng d
020 ## - INTERNATIONAL STANDARD BOOK NUMBER
International Standard Book Number 9781071931646
040 ## - CATALOGING SOURCE
Transcribing agency HS LRC
050 ## - LIBRARY OF CONGRESS CALL NUMBER
Classification number LC 4065
Item number .C64 2025
245 ## - TITLE STATEMENT
Title Four pillars to guide visionary educators :
Remainder of title structuring schools that serve students in poverty /
Statement of responsibility, etc. Douglas Reeves (Foreword)
260 ## - PUBLICATION, DISTRIBUTION, ETC. (IMPRINT)
Place of publication, distribution, etc. California :
Name of publisher, distributor, etc. Corwin Press,
Date of publication, distribution, etc. c2025.
300 ## - PHYSICAL DESCRIPTION
Extent xxiv, 213 p. :
Other physical details col. ill. ;
Dimensions 25 cm.
365 ## - TRADE PRICE
Price amount 3,298.00
504 ## - BIBLIOGRAPHY, ETC. NOTE
Bibliography, etc includes bibliography and index.
650 ## - SUBJECT ADDED ENTRY--TOPICAL TERM
Topical term or geographic name as entry element Poor children
General subdivision Education
Geographic subdivision United States.
9 (RLIN) 131684
700 ## - ADDED ENTRY--PERSONAL NAME
Personal name Reeves, Douglas
Relator term Foreword
9 (RLIN) 131685
942 ## - ADDED ENTRY ELEMENTS (KOHA)
Source of classification or shelving scheme Library of Congress Classification
Koha item type Books
Holdings
Withdrawn status Lost status Source of classification or shelving scheme Damaged status Not for loan Collection code Home library Current library Shelving location Date acquired Source of acquisition Cost, normal purchase price Inventory number Total Checkouts Full call number Barcode Date last seen Copy number Cost, replacement price Price effective from Koha item type
    Library of Congress Classification     Circulation DLSU-D HS Learning Resource Center DLSU-D HS Learning Resource Center Circulation 06/25/2025 HS LRC SY 2024-2025 3298.00 CIR-002266   LC 4065 .C64 2025 3HS00000002266 05/04/2026 002266 3298.00 05/04/2026 Books